000 nam a22 7a 4500
999 _c9449
_d9449
008 180131b ||||| |||| 00| 0 eng d
100 _aKumar, K A
_95663
245 _aInquisitive Science -VIII
260 _aNew Delhi
_bS. Chand Publication
_c2008